Geography Quiz

Random Geography or City Quiz

City Per Risk Territory Quiz Stats

 Plays Quiz Updated Nov 12, 2018

Score 0/42 Timer 09:00
2 Plays Today
Territory Urban Area % Correct
Eastern United StatesNew York
93%
Great BritainLondon
92.2%
Western United StatesLos Angeles
90%
EgyptCairo
89.9%
Ukraine / RussiaMoscow
86.1%
Western EuropeParis
85.8%
JapanTokyo
85.5%
Eastern AustraliaSydney
82.3%
Ontario / Central CanadaToronto
80.3%
AlaskaAnchorage
78.5%
Central AmericaMexico City
78.2%
Quebec / Eastern CanadaMontreal
75.9%
Alberta / Western CanadaVancouver
75.5%
PeruLima
73.8%
ArgentinaBuenos Aires
71.3%
ScandinaviaStockholm
70.2%
ChinaShanghai
66.6%
IndiaMumbai
64.3%
BrazilSão Paulo
61.2%
South AfricaJohannesburg
59.3%
IndonesiaJakarta
58.1%
Territory Urban Area % Correct
IcelandReykjavík
56.6%
Western AustraliaPerth
55.9%
Siam / Southeast AsiaBangkok
51.3%
Middle EastTehran
45.6%
VenezuelaBogotá
39.9%
Southern EuropeIstanbul
37.1%
Central Africa / CongoKinshasa
30.7%
North AfricaLagos
27.8%
New GuineaPort Moresby
26.9%
MadagascarAntananarivo
25.6%
East AfricaKhartoum
20.6%
GreenlandNuuk
19.8%
Northwest TerritoryWhitehorse
19.4%
MongoliaSeoul
18.2%
IrkutskIrkutsk
15.7%
YakutskYakutsk
14.2%
Northern EuropeRuhr
13.2%
UralNovosibirsk
10.4%
AfghanistanTashkent
9.6%
SiberiaKrasnoyarsk
2.7%
KamchatkaKhabarovsk
1.8%

You're not logged in!

Compare scores with friends on all Sporcle quizzes.
OR
Log In

Show Comments

Extras

Top Quizzes Today


Score Distribution

Your Account Isn't Verified!

In order to create a playlist on Sporcle, you need to verify the email address you used during registration. Go to your Sporcle Settings to finish the process.

Report this User

Report this user for behavior that violates our Community Guidelines.

Details: